Online
Catalog

Ejemplos de casos y problemas en la industria alimentaria / (Record no. 58716)

MARC details
000 -CABECERA
campo de control de longitud fija 01913nam a2200301 i 4500
003 - IDENTIFICADOR DEL NÚMERO DE CONTROL
campo de control DO-SdBNP
005 - FECHA Y HORA DE LA ÚLTIMA TRANSACCIÓN
campo de control 20250626100542.0
007 - CAMPO FIJO DE DESCRIPCIÓN FÍSICA--INFORMACIÓN GENERAL
campo de control de longitud fija ta
008 - DATOS DE LONGITUD FIJA--INFORMACIÓN GENERAL
campo de control de longitud fija 250626b2024 dr do||| |||| 00| 0 spa d
020 ## - NÚMERO INTERNACIONAL ESTÁNDAR DEL LIBRO
Número Internacional Estándar del Libro 9789945943528
040 ## - FUENTE DE LA CATALOGACIÓN
Centro catalogador/agencia de origen DO-SdBNP
Lengua de catalogación spa
Centro/agencia transcriptor BNPHU
Normas de descripción rda
082 ## - NÚMERO DE LA CLASIFICACIÓN DECIMAL DEWEY
Número de clasificación 641.3
Número de documento/Ítem R173e
Número de edición 22
100 1# - ENTRADA PRINCIPAL--NOMBRE DE PERSONA
Nombre de persona Ramírez Almánzar, Horacio
Término indicativo de función/relación autor
Código de función/relación aut.
9 (RLIN) 85636
245 10 - MENCIÓN DE TÍTULO
Título Ejemplos de casos y problemas en la industria alimentaria /
Mención de responsabilidad, etc. Horacio Ramírez Almánzar
250 ## - MENCIÓN DE EDICIÓN
Mención de edición Primera edición
264 ## - PRODUCCIÓN, PUBLICACIÓN, DISTRIBUCIÓN, FABRICACIÓN Y COPYRIGHT
Producción, publicación, distribución, fabricación y copyright Santo Domingo :
Nombre del de productor, editor, distribuidor, fabricante Imprecaja,
Fecha de producción, publicación, distribución, fabricación o copyright 2024.
300 ## - DESCRIPCIÓN FÍSICA
Extensión 72 páginas ;
Otras características físicas graficas, fotografías
Dimensiones 28 cm.
336 ## - TIPO DE CONTENIDO
Término de tipo de contenido texto
Código de tipo de contenido txt
Fuente rdacontent
337 ## - TIPO DE MEDIO
Nombre/término del tipo de medio sin mediación
Código del tipo de medio n
Fuente rdamedia
338 ## - TIPO DE SOPORTE
Nombre/término del tipo de soporte volumen
Código del tipo de soporte nc
Fuente rdacarrier
520 ## - SUMARIO, ETC.
Sumario, etc. El gran poeta español Antonio Machado en su verso “Caminante, son tus huellas”, dejándonos este gran<br/>legado, “Caminante, son tus huellas el camino y nada más; caminante, no hay camino, se hace camino al andar”.<br/><br/>Cuanta verdad nos revela este verso, nos indica que cada uno de nosotros debe construir su propio camino<br/>tomando decisiones y acciones a través del tiempo.<br/><br/>Otro encuentro maravilloso fue un mensaje que pude leer en septiembre de 1963, en un libro cuyo autor era el filósofo francés Jean Paul Sartre, en el Tecnológico de Monterrey, México, donde nos decía “Que cada uno de nosotros se forja su propio destino”. En ruté mi vida siempre con ambos principios como estandarte.<br/><br/>En tal sentido, quiero compartir experiencias vividas desde 1969 en la industria de alimentos y en la academia que puedan ser de utilidad para el éxito de sus actividades laborales profesionales.
590 ## - NOTA LOCAL (RLIN)
Nota local Inventariado, 2025/ YL
650 #7 - PUNTO DE ACCESO ADICIONAL DE MATERIA--TÉRMINO DE MATERIA
Término de materia o nombre geográfico como elemento de entrada Alimentación
Subdivisión geográfica Aspectos sociales y económicos
9 (RLIN) 88192
650 #7 - PUNTO DE ACCESO ADICIONAL DE MATERIA--TÉRMINO DE MATERIA
Término de materia o nombre geográfico como elemento de entrada Alimentación
Subdivisión general Higiene y salud
9 (RLIN) 88193
650 #7 - PUNTO DE ACCESO ADICIONAL DE MATERIA--TÉRMINO DE MATERIA
Término de materia o nombre geográfico como elemento de entrada Alimentos
Subdivisión general Conservación
9 (RLIN) 88194
910 ## - DATOS DE OPCIÓN DEL USUARIO (OCLC)
Datos de opción del usuario YLockward
942 ## - ELEMENTOS DE PUNTO DE ACCESO ADICIONAL (KOHA)
Fuente del sistema de clasificación o colocación Dewey Decimal Classification
Tipo de ítem Koha Libro
Holdings
Estado de retiro Estado de pérdida Fuente del sistema de clasificación o colocación Restricciones de uso No para préstamo Código de colección Localización permanente Ubicación/localización actual Ubicación en estantería Fecha de adquisición Fuente de adquisición Total de préstamos Signatura topográfica completa Código de barras Fecha visto por última vez Precio válido a partir de Tipo de ítem Koha Número de copia
    Dewey Decimal Classification Excluido de préstamo   Patrimonio Dominicano Biblioteca Nacional Pedro Henríquez Ureña Biblioteca Nacional Pedro Henríquez Ureña En catalogación 26.03.2025 Depósito Legal   BNPHU PD 641.3 R173e 2025-3342 11.04.2025 11.04.2025 Libro  
    Dewey Decimal Classification Excluido de préstamo   Patrimonio Dominicano Biblioteca Nacional Pedro Henríquez Ureña Biblioteca Nacional Pedro Henríquez Ureña En catalogación 26.03.2025 Depósito Legal   BNPHU PD 641.3 R173e 2025-3343 11.04.2025 11.04.2025 Libro e.2
    Dewey Decimal Classification Préstamo en sala   Dominicana de Servicio Biblioteca Nacional Pedro Henríquez Ureña Biblioteca Nacional Pedro Henríquez Ureña En catalogación 26.03.2025 Depósito Legal   BNPHU DS 641.3 R173e 2025-3344 11.04.2025 11.04.2025 Libro e.3

Powered by Koha